| 000 | 00000nam##2200000za#4500 |
| 001 | 9.641860 |
| 003 | CaOODSP |
| 005 | 20210624223424 |
| 007 | cr ||||||||||| |
| 008 | 150407|1996||||xxc|||||o f|0| 0 fre|d |
| 040 | |aCaOODSP|bfre |
| 043 | |an-cn--- |
| 086 | 1 |aRH64-53/1996F-PDF |
| 110 | 1 |aCanada.|bDéveloppement des ressources humaines Canada. |bPolitique stratégique. |
| 245 | 10|aÉvaluation de l'initiative Investir dans les gens - deuxième année : |h[ressource électronique]|brapport final / |c[par] Évaluation et exploitation des données. |
| 260 | |aOttawa - Ontario : |bDéveloppement des ressources humaines Canada. |cDécembre 1996. |
| 300 | |a97p.|bfigures, tableaux |
| 590 | |a13-12-Supp|b2013-05-10 |
| 775 | 08|tEvaluation of the Investing in People Initiative - year two : |w(CaOODSP)9.697854 |
| 856 | 40|ahttp://publications.gc.ca|qPDF|s265 Ko|uhttps://publications.gc.ca/collections/collection_2013/rhdcc-hrsdc/RH64-53-1996-fra.pdf |
| 986 | |aSP-AH031F-12-96 |